Practical polymerization for polystyrene /

Bibliographic Details
Main Author: Bishop, Richard B.
Format: Book
Language:English
Published: Boston, Mass. : Cahners Books, [1971]
Subjects:

MARC

Tag First Indicator Second Indicator Subfields
LEADER 00000cam a2200000 4500
001 in00000094777
005 20150927110540.0
008 720619s1971 maua 00010 eng
010 |a  75132666  
020 |a 0843612002  |c $22.50 
035 |a (OCoLC)00348268 
035 |9 AAL6650AM 
040 |a DLC  |c DLC  |d TXA  |d UtOrBLW 
049 |a TXAM  |c [1025253] 
050 0 0 |a TP1180.S7  |b B58 
082 0 |a 668.4/233 
100 1 |a Bishop, Richard B. 
245 1 0 |a Practical polymerization for polystyrene /  |c by Richard B. Bishop. 
264 1 |a Boston, Mass. :  |b Cahners Books,  |c [1971] 
300 |a ix, 469 pages :  |b illustrations ;  |c 24 cm. 
336 |a text  |b txt  |2 rdacontent 
337 |a unmediated  |b n  |2 rdamedia 
338 |a volume  |b nc  |2 rdacarrier 
650 0 |a Polystyrene. 
650 0 |a Polymerization. 
650 0 |a Polymers. 
999 |a MARS 
999 f f |s 10cf886f-2eba-3274-a5e9-e744afb75f68  |i e83b5286-d24d-3ea4-9500-d3410e8dd2bb  |t 0 
952 f f |p ric  |a Texas A&M University  |b Rellis Campus  |c Joint Library Facility  |d Remote Storage  |t 0  |e TP1180.S7 B58  |h Library of Congress classification  |i unmediated -- volume  |m A14805621230 
998 f f |a TP1180.S7 B58  |t 0  |l Remote Storage